00336nam a2200133Ia 4500008004100000020001500041041001200056082001600068100002000084245004200104260003200146300000800178650001600186221030s9999 xx 000 0 und d a8170081858 aEnglish a105.23bPac aV. K. Pachghare 0aComputer Graphicscby V. K. Pachghare bLaxmi Pub.aNew Delhic2002 a224 aBE Computer